[Event "10. Sombor open"]
[Site "?"]
[Date "2015.03.30"]
[Round "7"]
[White "Lalic, Miroslav"]
[Black "Pezelj, Sinisa"]
[Result "0-1"]
[WhiteElo "1976"]
[BlackElo "2191"]
[PlyCount "106"]

1. e4 e6 2. Nf3 d5 3. exd5 exd5 4. d4 Nf6 5. a3 Be7 6. Bd3 Bg4 7. h3 Bh5 8. Bf4
Nc6 9. c3 Qd7 10. Nbd2 Bg6 11. Qe2 O-O-O 12. Bxg6 hxg6 13. O-O-O Rhe8 14. Qd3
Ne4 15. Rhf1 Bf6 16. h4 Qg4 17. g3 Nxd2 18. Rxd2 Na5 19. Re2 Rxe2 20. Qxe2 Qf5
21. Qc2 Qd7 22. Re1 Nc4 23. Nd2 Re8 24. Rxe8+ Qxe8 25. Nxc4 dxc4 26. Qd1 Qd7
27. Qe2 b5 28. Qe4 c6 29. Be3 Kb7 30. Qf3 a5 31. Qe2 Qe6 32. Qd2 Be7 33. f4 Ka6
34. Bf2 Qe4 35. Qe3 Qxe3+ 36. Bxe3 b4 37. a4 Kb6 38. Kd2 b3 39. Ke2 Kc7 40. Kf3
Kd6 41. Ke4 Ke6 42. Bc1 f5+ 43. Ke3 Kd5 44. Kf3 Bf6 45. Ke3 Bd8 46. Kf3 Be7 47.
Be3 Bf6 48. Bd2 Be7 49. Be3 Bd8 50. Bf2 Bf6 51. Be3 c5 52. Ke2 cxd4 53. cxd4
Bxd4 0-1

[Event "10. Sombor open"]
[Site "?"]
[Date "2015.03.30"]
[Round "7"]
[White "Bakula, Milan"]
[Black "Mojzes, Aleksandar"]
[Result "1-0"]
[WhiteElo "1844"]
[BlackElo "1895"]
[PlyCount "143"]
[EventDate "2015.??.??"]

1. c4 e6 2. Nc3 d5 3. e3 Nf6 4. d4 Be7 5. c5 b6 6. b4 a5 7. Qa4+ Bd7 8. Bb5 c6
9. Bd3 b5 10. Qb3 axb4 11. Qxb4 Na6 12. Qb2 O-O 13. Bd2 Qb8 14. Nf3 Rc8 15. Ne5
Be8 16. O-O Nd7 17. f4 f6 18. Nxd7 Bxd7 19. Qc2 h6 20. Ne2 e5 21. Bh7+ Kh8 22.
fxe5 Rf8 23. Nf4 f5 24. Bg6 Be8 25. Rf3 Bg5 26. Bxe8 Qxe8 27. Raf1 g6 28. Rg3
Nc7 29. Nh3 Ne6 30. Nxg5 Nxg5 31. h4 Ne4 32. Rgf3 h5 33. Be1 Qc8 34. Bg3 Qa6
35. Ra1 b4 36. Bf4 Qa3 37. Rff1 Nc3 38. Bg5 Nxa2 39. Bf6+ Kh7 40. Rxf5 Qxe3+
41. Kh2 Qe4 42. Qxe4 dxe4 43. Rf2 b3 44. Rb2 Rfb8 45. e6 e3 46. Be5 Rb7 47. Re1
Nc3 48. Rxe3 Ra2 49. e7 Rxe7 50. Rxb3 Nd5 51. Rb8 g5 52. Rg3 g4 53. Rh8+ Kg6
54. Rg8+ Kh6 55. Rg5 Rf7 56. Rb3 Rff2 57. Bg7+ Kh7 58. Rxh5+ Kxg7 59. Rg5+ Kh6
60. Rxg4 Kh5 61. Rg5+ Kxh4 62. Rg8 Nf4 63. Rbg3 Rab2 64. Rh8+ Nh5 65. Rh3+ Kg4
66. Rg8+ Kf4 67. Rxh5 Ke4 68. Rh4+ Kd5 69. Rhg4 Rbd2 70. R8g5+ Kc4 71. d5+ Kb5
72. d6 1-0

[Event "10. Sombor open"]
[Site "?"]
[Date "2015.03.30"]
[Round "7"]
[White "Kelic, Dusan"]
[Black "Cetkovic, Andrija"]
[Result "0-1"]
[WhiteElo "1738"]
[BlackElo "1717"]
[PlyCount "48"]

1. e4 c5 2. Nf3 Nc6 3. d4 cxd4 4. Nxd4 Nxd4 5. Qxd4 d6 6. Bc4 e6 7. Nc3 a6 8.
Be3 Nf6 9. f4 Be7 10. O-O b5 11. Bb3 Bb7 12. Rad1 Qc7 13. e5 dxe5 14. fxe5 Nd7
15. Qf4 Rf8 16. Bd4 Bc5 17. Rfe1 O-O-O 18. Bxc5 Qxc5+ 19. Rd4 Nb8 20. Red1 Nc6
21. Ne4 Nxd4 22. Nd6+ Rxd6 23. exd6 Ne2+ 24. Kh1 Nxf4 0-1

[Event "10. Sombor open"]
[Site "?"]
[Date "2015.03.30"]
[Round "7"]
[White "Milivojevic, Jasmina"]
[Black "Cubrilo, Dojcilo"]
[Result "1/2-1/2"]
[WhiteElo "1927"]
[BlackElo "1957"]
[PlyCount "76"]

1. d4 Nf6 2. c4 e6 3. Nf3 d5 4. e3 c6 5. b3 Bd6 6. Bd3 Nbd7 7. Bb2 Qe7 8. Ne5
Bb4+ 9. Nc3 Nxe5 10. dxe5 Nd7 11. f4 dxc4 12. Bxc4 Nb6 13. Bd3 Nd5 14. Qd2 Qc5
15. Rc1 Qxe3+ 16. Qxe3 Nxe3 17. Kf2 Nd5 18. g3 Bxc3 19. Bxc3 Nxc3 20. Rxc3 Ke7
21. h4 h5 22. Be2 g6 23. Rd1 Rd8 24. Rxd8 Kxd8 25. Bf3 Bd7 26. b4 Rc8 27. Ke3
b6 28. Kd4 Rc7 29. a3 Be8 30. Rc2 Rc8 31. Rc3 Kc7 32. Rc2 Rd8+ 33. Ke3 b5 34.
Rc3 Kb6 35. Rc5 a5 36. Rc3 axb4 37. axb4 Rc8 38. Rc5 Rd8 1/2-1/2

[Event "10. Sombor open"]
[Site "?"]
[Date "2015.04.01"]
[Round "8"]
[White "Milivojevic, Jasmina"]
[Black "Gajcin, Sinisa"]
[Result "0-1"]
[WhiteElo "1927"]
[BlackElo "1800"]
[PlyCount "42"]
[EventDate "2015.??.??"]

1. e4 c5 2. Nc3 Nc6 3. Bb5 Qb6 4. Nd5 Qd8 5. f4 Nd4 6. Bc4 e6 7. Nc3 Ne7 8. e5
Nef5 9. Nf3 Nxf3+ 10. Qxf3 Nd4 11. Qf2 Nxc2+ 12. Kd1 Nxa1 13. b3 a6 14. Bb2 b5
15. Bd3 Nxb3 16. axb3 Bb7 17. Ke2 Rb8 18. Rc1 c4 19. bxc4 bxc4 20. Bxc4 Qa5 21.
Rd1 Qb4 0-1

[Event "10. Sombor open"]
[Site "?"]
[Date "2015.04.01"]
[Round "8"]
[White "Djurosev, Djordje"]
[Black "Bakula, Milan"]
[Result "1-0"]
[WhiteElo "1688"]
[BlackElo "1844"]
[PlyCount "73"]
[EventDate "2015.??.??"]

1. e4 c5 2. c3 Nc6 3. d4 cxd4 4. cxd4 d5 5. exd5 Qxd5 6. Be3 Nf6 7. Nc3 Qd8 8.
Bb5 Nd5 9. Nge2 e6 10. O-O Bd6 11. Nxd5 exd5 12. Rc1 Bd7 13. Re1 O-O 14. Nc3 a6
15. Bd3 Ne7 16. Qh5 f5 17. Bg5 Be8 18. Qe2 Rf7 19. Qe6 Kf8 20. g3 h6 21. Bxe7+
Bxe7 22. Qxd5 Qb6 23. b3 Bc6 24. Qe6 Bb4 25. Bc4 Qc7 26. Qxf7+ Qxf7 27. Bxf7
Kxf7 28. Re5 Kf6 29. Nd5+ Bxd5 30. Rxd5 g6 31. Rd7 b5 32. Rc6+ Kg5 33. Kg2 a5
34. Rg7 f4 35. Rgxg6+ Kf5 36. f3 fxg3 37. Rcf6# 1-0

[Event "10. Sombor open"]
[Site "?"]
[Date "2015.04.01"]
[Round "8"]
[White "Cubrilo, Dojcilo"]
[Black "Lalic, Miroslav"]
[Result "0-1"]
[WhiteElo "1957"]
[BlackElo "1976"]
[PlyCount "110"]
[EventDate "2015.??.??"]

1. e4 e5 2. Nf3 Nc6 3. Bb5 a6 4. Ba4 Bc5 5. c3 Nf6 6. Bc2 d6 7. h3 O-O 8. O-O
h6 9. d4 Ba7 10. dxe5 dxe5 11. Qe2 Be6 12. Be3 Bxe3 13. Qxe3 Qe7 14. Nbd2 Nh5
15. Bb3 Nf4 16. Nxe5 Nxh3+ 17. gxh3 Nxe5 18. Bxe6 fxe6 19. Qg3 Qf6 20. Nb3 Rad8
21. Rad1 b6 22. Nd4 c5 23. f4 Nc4 24. e5 Qf7 25. b3 Nb2 26. Rb1 cxd4 27. Rxb2
dxc3 28. Qxc3 Qf5 29. Rf3 Rd1+ 30. Kh2 Rfd8 31. Rg2 R1d3 32. Qc6 Kh7 33. Rgg3
Rd2+ 34. Rg2 Rxg2+ 35. Kxg2 Rd2+ 36. Kg3 Qg6+ 37. Kh4 Rd4 38. Rg3 Rxf4+ 39. Rg4
Qg5+ 40. Kg3 Rxg4+ 41. hxg4 Qxe5+ 42. Kf2 Qf4+ 43. Ke1 Qe5+ 44. Kf2 Qf4+ 45.
Ke1 Qxg4 46. Qxb6 Qe4+ 47. Kd2 Qg2+ 48. Kc3 Qxa2 49. Qxe6 Qa1+ 50. Kc2 Qf6 51.
Qh3 Qg5 52. Kb2 h5 53. Qd3+ Qg6 54. Qh3 Qf6+ 55. Ka2 Kh6 0-1

[Event "10. Sombor open"]
[Site "?"]
[Date "2015.04.01"]
[Round "8"]
[White "Sljukic, Miodrag"]
[Black "Pezelj, Sinisa"]
[Result "0-1"]
[WhiteElo "2114"]
[BlackElo "2191"]
[PlyCount "56"]

1. e4 d5 2. exd5 Qxd5 3. Nc3 Qd6 4. d4 Nf6 5. Nf3 Bg4 6. h3 Bh5 7. g4 Bg6 8.
Ne5 Nbd7 9. Nb5 Qb6 10. Nc4 Qc6 11. f3 Nd5 12. Ne3 a6 13. Nxd5 axb5 14. Ne3 e5
15. d5 Qb6 16. h4 h5 17. g5 Bb4+ 18. Kf2 f5 19. gxf6 Nxf6 20. c3 Bc5 21. b4
Ng4+ 22. fxg4 O-O+ 23. Ke2 Qf6 24. Nf5 hxg4 25. Bg2 Qxf5 26. Rf1 Bf2 27. h5
Bxh5 28. Qd3 e4 0-1

[Event "10. Sombor open"]
[Site "?"]
[Date "2015.04.01"]
[Round "8"]
[White "Mojzes, Aleksandar"]
[Black "Kelic, Dusan"]
[Result "1-0"]
[WhiteElo "1895"]
[BlackElo "1738"]
[PlyCount "67"]
[SourceDate "2015.04.28"]

1. e4 e5 2. Nf3 Nc6 3. Bc4 h6 4. d3 Bc5 5. Nc3 Nf6 6. O-O d6 7. h3 a6 8. a3 Nd4
9. Nxd4 Bxd4 10. Kh1 c6 11. f4 Ng4 12. Qf3 Qh4 13. fxe5 f5 14. exf5 Nxe5 15.
Qe2 d5 16. Ba2 O-O 17. Rf4 Qg3 18. Ne4 Qxf4 19. Bxf4 Rxf5 20. Rf1 Ng6 21. Bg3
Rxf1+ 22. Qxf1 Be6 23. c3 Rf8 24. Qe2 Bb6 25. d4 Nf4 26. Bxf4 Rxf4 27. Nd6 Bd7
28. Qe7 Rf1+ 29. Kh2 Bxh3 30. Kxh3 Rf6 31. Bb1 c5 32. Qe8+ Rf8 33. Bh7+ Kh8 34.
Qxf8+ 1-0

[Event "10. Sombor open"]
[Site "?"]
[Date "2015.04.01"]
[Round "8"]
[White "Knezevic, Janko"]
[Black "Matkovic, Simana"]
[Result "0-1"]
[WhiteElo "1890"]
[BlackElo "1887"]
[PlyCount "106"]

1. e4 c5 2. Nf3 d6 3. d4 cxd4 4. Nxd4 Nf6 5. Nc3 a6 6. Be2 e6 7. O-O Be7 8. a4
Qc7 9. Bd2 Nc6 10. Nxc6 bxc6 11. b4 Bd7 12. f3 Qb6+ 13. Kh1 O-O 14. a5 Qa7 15.
Na4 Bd8 16. c4 c5 17. Be3 Bxa4 18. Rxa4 Qc7 19. b5 axb5 20. cxb5 Rxa5 21. Rxa5
Qxa5 22. Qxd6 Bb6 23. Bxc5 Bxc5 24. Qxc5 Nd7 25. Qd4 Qc7 26. Rd1 Nb6 27. Qd6
Qxd6 28. Rxd6 Rb8 29. Rd4 e5 30. Rb4 Kf8 31. g3 Ke7 32. f4 f6 33. Kg2 Rd8 34.
Kf3 Kd6 35. Rb2 Rb8 36. h4 Nc8 37. f5 Rb6 38. g4 h6 39. g5 hxg5 40. hxg5 Ke7
41. g6 Nd6 42. Bd3 Kd8 43. Rh2 Rb7 44. Rh8+ Kc7 45. Rf8 Kb6 46. Ke3 Nxb5 47.
Rf7 Nd6 48. Rxb7+ Kxb7 49. Kd2 Kb6 50. Ke3 Kc5 51. Bb1 Kc4 52. Bd3+ Kc3 53. Ba6
Nc4+ 0-1

[Event "10. Sombor open"]
[Site "?"]
[Date "2015.04.01"]
[Round "8"]
[White "Kurcubic, Drago"]
[Black "Sadovski, Nemana"]
[Result "1-0"]
[WhiteElo "2086"]
[BlackElo "1928"]
[PlyCount "85"]
[EventDate "2015.??.??"]

1. e4 d5 2. exd5 Qxd5 3. Nf3 Nf6 4. d4 e5 5. Nc3 Bb4 6. Bd2 Bxc3 7. Bxc3 e4 8.
Ne5 Be6 9. Bc4 Qd6 10. Qe2 Nc6 11. O-O-O Rd8 12. Bxe6 Qxe6 13. d5 Rxd5 14. Nxc6
bxc6 15. Bb4 Rxd1+ 16. Rxd1 Nd5 17. Bc5 f5 18. Qh5+ Qg6 19. Qh4 Qh6+ 20. Qxh6
gxh6 21. Bxa7 Rg8 22. g3 Nb6 23. Bxb6 cxb6 24. Rd4 Ke7 25. Kd2 h5 26. h4 Ke6
27. Ke3 Ra8 28. Rb4 b5 29. a3 Ra5 30. c4 bxc4 31. Rxc4 c5 32. Kf4 Rb5 33. b4
cxb4 34. Rxb4 Ra5 35. a4 Ra6 36. Kg5 Ra5 37. Rb6+ Kf7 38. Rb4 Ke6 39. Kxh5 f4+
40. Kg4 e3 41. fxe3 fxe3 42. Kf3 Re5 43. Rb5 1-0

[Event "10. Sombor open"]
[Site "?"]
[Date "2015.04.01"]
[Round "8"]
[White "Vlaisavljevic, Ilija"]
[Black "Gajcin, Marina"]
[Result "0-1"]
[WhiteElo "1915"]
[BlackElo "2148"]
[PlyCount "122"]
[EventDate "2015.??.??"]

1. d4 Nf6 2. c4 g6 3. Nc3 d5 4. cxd5 Nxd5 5. e4 Nxc3 6. bxc3 Bg7 7. Bc4 c5 8.
Ne2 Nc6 9. Be3 O-O 10. O-O Qc7 11. Rc1 b6 12. Qd2 Rd8 13. f4 e6 14. f5 exf5 15.
Bh6 Be6 16. Bxg7 Kxg7 17. Bxe6 fxe6 18. exf5 exf5 19. Nf4 Qd6 20. d5 Kg8 21.
Rce1 Ne5 22. Qe2 Re8 23. c4 Ng4 24. Qxe8+ Rxe8 25. Rxe8+ Kf7 26. Re6 Qd8 27. g3
Nf6 28. Nd3 Kg7 29. Nf2 b5 30. Rfe1 bxc4 31. d6 Nd5 32. Nh3 c3 33. Nf4 Nxf4 34.
gxf4 c2 35. Re7+ Kf8 36. R7e6 Qd7 37. R6e2 Qxd6 38. Rxc2 Qxf4 39. Rec1 Qd4+ 40.
Kf1 Qf4+ 41. Ke1 Qe4+ 42. Re2 Qd4 43. Rcc2 c4 44. Kf1 c3 45. Rf2 Qd3+ 46. Kg2
Kg7 47. Rc1 Qd5+ 48. Kg1 Qd4 49. Kg2 f4 50. Rfc2 Qe4+ 51. Kg1 f3 52. Kf2 g5 53.
a4 Kf6 54. Kf1 g4 55. Kf2 Kf5 56. a5 Kf4 57. Kg1 g3 58. hxg3+ Kxg3 59. a6 Qe3+
60. Kh1 f2 61. Rxc3 f1=Q+ 0-1

[Event "10. Sombor open"]
[Site "?"]
[Date "2015.04.01"]
[Round "8"]
[White "Glamuzina, Jurica"]
[Black "Milivojevic, Milica"]
[Result "1-0"]
[WhiteElo "1917"]
[BlackElo "1742"]
[PlyCount "95"]

1. e4 e5 2. Nf3 Nc6 3. d4 exd4 4. Nxd4 Bc5 5. Be3 Qf6 6. c3 Nge7 7. g3 d5 8.
Bg2 dxe4 9. Nd2 Bb6 10. Nxe4 Qg6 11. Nxc6 Nxc6 12. Bxb6 axb6 13. O-O O-O 14. f4
Rd8 15. Qc2 Bf5 16. Rfe1 Re8 17. Re3 Re6 18. Qe2 Rae8 19. Re1 Na7 20. Kf2 Nc8
21. Qd2 h6 22. Qd4 Ne7 23. h3 Nc6 24. Qd3 h5 25. Qe2 Nd8 26. Qf3 f6 27. Qe2 Nf7
28. Qf3 Bxe4 29. Rxe4 Rxe4 30. Rxe4 Qxe4 31. Qxe4 Rxe4 32. Bxe4 Nd6 33. Bg6 h4
34. gxh4 Nc4 35. b3 Nd6 36. Ke3 Kf8 37. h5 Ke7 38. Bd3 Nc8 39. Kf3 Nd6 40. Kg4
Kf8 41. c4 c6 42. Kf3 Ke7 43. Ke3 c5 44. a3 Ne8 45. Ke4 Nd6+ 46. Kd5 Kd7 47. b4
cxb4 48. axb4 1-0

[Event "10. Sombor open"]
[Site "?"]
[Date "2015.04.03"]
[Round "9"]
[White "Lalic, Miroslav"]
[Black "Gajcin, Marina"]
[Result "0-1"]
[WhiteElo "1976"]
[BlackElo "2148"]
[PlyCount "108"]

1. e4 c5 2. Bc4 Nc6 3. a3 g6 4. Nf3 Bg7 5. c3 d6 6. O-O Nf6 7. d3 O-O 8. Ng5
Ne5 9. Bb3 h6 10. d4 cxd4 11. cxd4 hxg5 12. dxe5 Nxe4 13. Re1 Nc5 14. exd6 exd6
15. Bd5 Be6 16. Nc3 Re8 17. Be3 Bxd5 18. Qxd5 Re5 19. Qf3 Qd7 20. Rad1 Rae8 21.
Rd5 Rxd5 22. Qxd5 Re5 23. Qd1 Qe6 24. h3 Ne4 25. Ne2 f5 26. Bxa7 f4 27. Nd4 Qe7
28. Nf3 Re6 29. Qb3 Kh7 30. Qd5 Kh6 31. Bd4 Nc5 32. Bxg7+ Kxg7 33. Rxe6 Nxe6
34. a4 Kf6 35. a5 Qc7 36. b4 Qc1+ 37. Kh2 Qc7 38. Nd2 Qc6 39. Qd3 d5 40. b5 Qc5
41. a6 bxa6 42. bxa6 Qxf2 43. Qxd5 Qg3+ 44. Kh1 Qe1+ 45. Kh2 Qg3+ 46. Kg1 Qe3+
47. Kf1 Qa3 48. Ne4+ Ke7 49. Qb7+ Kd8 50. Qb8+ Kd7 51. Nf6+ Kc6 52. Qb7+ Kd6
53. Qb6+ Ke7 54. Nd5+ Kd7 0-1

[Event "10. Sombor open"]
[Site "?"]
[Date "2015.04.03"]
[Round "9"]
[White "Pezelj, Sinisa"]
[Black "Matkovic, Simana"]
[Result "1-0"]
[WhiteElo "2191"]
[BlackElo "1887"]
[PlyCount "87"]

1. Nf3 Nf6 2. c4 e6 3. Nc3 d5 4. e3 Bd6 5. b3 c6 6. Bb2 O-O 7. d4 Nbd7 8. Bd3
Re8 9. cxd5 exd5 10. Qc2 Nf8 11. h3 Ng6 12. O-O-O b5 13. g4 Qe7 14. Nd2 b4 15.
Ne2 a5 16. g5 Ne4 17. Bxe4 dxe4 18. Nc4 Bc7 19. h4 Bg4 20. h5 Nf8 21. Rdg1 Bf3
22. Rh3 Ne6 23. g6 f6 24. gxh7+ Kxh7 25. Rxf3 Ng5 26. Rf5 Qd7 27. Rfxg5 fxg5
28. Rxg5 Qh3 29. Nd2 Qh1+ 30. Rg1 Qxh5 31. Nxe4 Kh8 32. N4g3 Qd5 33. Rh1+ Kg8
34. Qh7+ Kf8 35. Rh5 Qg8 36. Rf5+ Ke7 37. Qh4+ Kd7 38. Ne4 Kc8 39. Qg4 Kb8 40.
Nc5 g6 41. Rf6 Qh7 42. Kd2 Qh1 43. Qxg6 Rh8 44. Rxc6 1-0

[Event "10. Sombor open"]
[Site "?"]
[Date "2015.04.03"]
[Round "9"]
[White "Gajcin, Sinisa"]
[Black "Kurcubic, Drago"]
[Result "0-1"]
[WhiteElo "1800"]
[BlackElo "2086"]
[PlyCount "86"]

1. e4 c6 2. Nf3 d5 3. Nc3 Bg4 4. Be2 e6 5. d4 dxe4 6. Nxe4 Nd7 7. Bf4 Ndf6 8.
Nc3 Bd6 9. Ne5 Bxe2 10. Qxe2 Ne7 11. Bg5 Bb4 12. Bxf6 gxf6 13. Nf3 Nd5 14. Qc4
Rg8 15. O-O-O Nxc3 16. bxc3 Ba3+ 17. Kb1 Qd5 18. Qb3 Rxg2 19. Qxa3 Qxf3 20.
Rhg1 Qxf2 21. Rxg2 Qxg2 22. Qd6 Qd5 23. Qa3 Qb5+ 24. Ka1 Qe2 25. Rg1 O-O-O 26.
Qxa7 Qxc2 27. Qa8+ Kc7 28. Qa5+ Kd7 29. Rb1 Rb8 30. Rg1 Rg8 31. Rb1 Rb8 32. Rg1
f5 33. a3 f4 34. Rg7 Qf5 35. Qxf5 exf5 36. Rxf7+ Ke6 37. Rxh7 Rg8 38. Rh3 Kd5
39. Kb2 Ke4 40. Kc2 f3 41. Rh4+ Ke3 42. c4 f2 43. Rh3+ Ke2 0-1

[Event "10. Sombor open"]
[Site "?"]
[Date "2015.04.03"]
[Round "9"]
[White "Mojzes, Aleksandar"]
[Black "Cubrilo, Dojcilo"]
[Result "1-0"]
[WhiteElo "1895"]
[BlackElo "1957"]
[PlyCount "127"]

1. e4 c5 2. Nf3 Nc6 3. d4 cxd4 4. Nxd4 Nxd4 5. Qxd4 d6 6. Bc4 Nf6 7. O-O h6 8.
e5 Ng8 9. Bf4 Be6 10. Bb5+ Bd7 11. Bxd7+ Qxd7 12. exd6 b6 13. Qe4 Rc8 14. dxe7
Qxe7 15. Qa4+ Qd7 16. Re1+ Be7 17. Qb3 Nf6 18. Nc3 O-O 19. Rad1 Qb7 20. Nb5 Ne8
21. Nd4 Bc5 22. Nf5 Rc6 23. Rd8 Rg6 24. g3 Nf6 25. Rxf8+ Bxf8 26. Nh4 Rg4 27.
h3 Rxf4 28. gxf4 Qd7 29. Qd3 Qc7 30. Qd2 Bd6 31. Rd1 Bxf4 32. Qd8+ Kh7 33. Qxc7
Bxc7 34. Nf5 Be5 35. c3 a5 36. Re1 Bf4 37. Re7 Bc1 38. b3 Bb2 39. c4 Ba3 40.
Rb7 Bc5 41. Ne3 Ne4 42. Rxf7 Nc3 43. a4 Ne2+ 44. Kf1 Nc1 45. Rd7 Nxb3 46. Nf5
Bf8 47. Ke1 Nc5 48. Rd8 Kg8 49. Ne7+ Kf7 50. Ng6 Ne6 51. Ne5+ Kf6 52. Rd5 Bb4+
53. Kd1 Nc5 54. Nd7+ Nxd7 55. Rxd7 Bc5 56. Ke2 Kg6 57. f3 Kf6 58. Kd3 g5 59.
Ke4 Kg6 60. f4 gxf4 61. Kxf4 Kf6 62. Rd8 Bb4 63. Rc8 Ke6 64. Rc6+ 1-0

[Event "10. Sombor open"]
[Site "?"]
[Date "2015.04.03"]
[Round "9"]
[White "Sadovski, Nemana"]
[Black "Cetkovic, Andrija"]
[Result "1-0"]
[WhiteElo "1928"]
[BlackElo "1717"]
[PlyCount "93"]

1. d4 Nf6 2. Nf3 e6 3. Bg5 Be7 4. Bxf6 Bxf6 5. e4 d6 6. Bd3 b6 7. Nbd2 Bb7 8.
Qe2 O-O 9. O-O Re8 10. e5 dxe5 11. dxe5 Be7 12. Rad1 Nd7 13. Nb3 a6 14. Bxh7+
Kxh7 15. Qd3+ g6 16. Qxd7 Qxd7 17. Rxd7 Rac8 18. c4 Kg7 19. Rfd1 Bc6 20. R7d3
Red8 21. Rxd8 Rxd8 22. Rxd8 Bxd8 23. Nfd4 Be4 24. Nd2 Bb7 25. N2b3 Be7 26. a3
Be4 27. Nd2 Bb7 28. f4 Kf8 29. Kf2 Ke8 30. g4 Kd7 31. Kg3 c5 32. N4f3 b5 33. b3
Ke8 34. h4 Kf8 35. Ng5 Bc6 36. h5 gxh5 37. gxh5 Be8 38. h6 Kg8 39. Nde4 Kh8 40.
Nf6 Bxf6 41. exf6 Kg8 42. Kh4 bxc4 43. bxc4 a5 44. Kh5 Ba4 45. h7+ Kh8 46. Kh6
Be8 47. a4 1-0

[Event "10. Sombor open"]
[Site "?"]
[Date "2015.04.03"]
[Round "9"]
[White "Milivojevic, Milica"]
[Black "Vlaisavljevic, Ilija"]
[Result "0-1"]
[WhiteElo "1742"]
[BlackElo "1915"]
[PlyCount "62"]

1. e4 c6 2. d4 d5 3. e5 Bf5 4. Nf3 e6 5. Be2 Nd7 6. O-O c5 7. c3 c4 8. Nbd2 Ne7
9. Ne1 Bg6 10. Ndf3 Nf5 11. Bg5 Be7 12. Bxe7 Qxe7 13. Qd2 O-O 14. Ng5 b5 15.
Nc2 a5 16. Nh3 Rfb8 17. a3 Nh6 18. Ne3 b4 19. axb4 axb4 20. cxb4 Rxa1 21. Rxa1
Qxb4 22. Qxb4 Rxb4 23. Ra8+ Nf8 24. Ra2 Bb1 25. Ra7 Rxb2 26. Bh5 Bg6 27. Bxg6
hxg6 28. Kf1 Nf5 29. Nxf5 gxf5 30. Ng5 c3 31. Ke1 Rb1+ 0-1

[Event "10. Sombor open"]
[Site "?"]
[Date "2015.04.03"]
[Round "9"]
[White "Knezevic, Janko"]
[Black "Djurosev, Djordje"]
[Result "1-0"]
[WhiteElo "1890"]
[BlackElo "1688"]
[PlyCount "85"]

1. e4 e5 2. Nf3 f5 3. d4 fxe4 4. Nxe5 Nf6 5. Bg5 d6 6. Bxf6 Qxf6 7. Nc4 Be6 8.
Ne3 d5 9. Be2 Qg5 10. c3 Nc6 11. Nd2 Bd6 12. Qb3 Rb8 13. O-O-O O-O 14. h4 Qd8
15. Rdf1 Ne7 16. g4 c5 17. dxc5 Bxc5 18. Nxe4 Qc7 19. Kb1 Bf7 20. Ng5 Bg6+ 21.
Ka1 Qd6 22. h5 Be4 23. Nxe4 Qc6 24. Nxc5 Qxc5 25. Qb5 Qd6 26. Qd3 h6 27. Bd1
Rf6 28. Bc2 Kf7 29. Ng2 Rf8 30. f4 Ke8 31. Qb5+ Kf7 32. Bb3 Kg8 33. Rd1 Kh8 34.
Bxd5 Nxd5 35. Rxd5 Qe6 36. Nh4 Qe4 37. Rhd1 Kh7 38. Ng6 Re8 39. R5d4 Qe6 40.
Qd3 Kg8 41. Rd8 Kh7 42. Rxe8 Qxe8 43. Qd8 1-0

[Event "10. Sombor open"]
[Site "?"]
[Date "2015.04.03"]
[Round "9"]
[White "Sljukic, Miodrag"]
[Black "Glamuzina, Jurica"]
[Result "1/2-1/2"]
[WhiteElo "2114"]
[BlackElo "1917"]
[PlyCount "105"]

1. e4 d6 2. d4 g6 3. Nc3 Bg7 4. f4 Nf6 5. Nf3 O-O 6. Bd3 Na6 7. O-O c5 8. d5
Bg4 9. Qe1 Nb4 10. a3 Nxd3 11. cxd3 a6 12. Qh4 h5 13. Ng5 b5 14. h3 Bd7 15. f5
Nh7 16. Nxh7 Kxh7 17. Bg5 Bd4+ 18. Kh1 f6 19. Bd2 Rh8 20. fxg6+ Kxg6 21. Rf3
Rh7 22. Raf1 Qh8 23. Ne2 Bxb2 24. Nf4+ Kf7 25. Rg3 Rg8 26. Rxg8 Kxg8 27. Ne6
Bxe6 28. dxe6 Qg7 29. Bf4 Kh8 30. Qf2 Bd4 31. Qa2 Qg8 32. Qd5 Qc8 33. Rf3 a5
34. Rg3 b4 35. axb4 axb4 36. Rg6 Qe8 37. Rg3 Rg7 38. Rf3 Be5 39. Bxe5 fxe5 40.
Rf2 Qg8 41. Ra2 Qh7 42. Rf2 Qg6 43. Qa2 Kh7 44. Rf5 Kh8 45. Rf8+ Rg8 46. Rf5
Rb8 47. Qa7 Qe8 48. Rf7 b3 49. Rxe7 Qxe7 50. Qxe7 b2 51. Qf6+ Kh7 52. Qf7+ Kh6
53. Qf6+ 1/2-1/2